កំនាព្យខ្មែរ / (Record no. 3601)

MARC details
000 -LEADER
fixed length control field 01134nam a22002417a 4500
001 - CONTROL NUMBER
control field 3601
003 - CONTROL NUMBER IDENTIFIER
control field FISKH
005 - DATE AND TIME OF LATEST TRANSACTION
control field 20240325100332.0
008 - FIXED-LENGTH DATA ELEMENTS--GENERAL INFORMATION
fixed length control field 240325b cb ||||| |||| 00| 0 eng d
040 ## - CATALOGING SOURCE
Original cataloging agency FISKH
Language of cataloging khr
Transcribing agency FISKH
Modifying agency FISKH
050 ## - LIBRARY OF CONGRESS CALL NUMBER
Classification number PZ7
082 ## - DEWEY DECIMAL CLASSIFICATION NUMBER
Classification number 808.1
100 ## - MAIN ENTRY--PERSONAL NAME
Personal name Ly Somony
245 ## - TITLE STATEMENT
Title កំនាព្យខ្មែរ /
Statement of responsibility, etc. ដោយ លី សុមុនី ; វិចិត្រករ ប៉ាន់ ត្រា
260 ## - PUBLICATION, DISTRIBUTION, ETC.
Place of publication, distribution, etc. ភ្នំពេញ :
Name of publisher, distributor, etc. ក្រសួងអប់រំ យុវជន និងកីឡា,
Date of publication, distribution, etc. 2009.
300 ## - PHYSICAL DESCRIPTION
Extent 189 pages
Dimensions 25 cm
520 ## - SUMMARY, ETC.
Summary, etc. រៀបរាប់ពីរបៀបតាក់តែងកំនាព្យ កំនាព្យ និងបទពាក្យ៦ ៧​ ៨ និង ៩។
520 ## - SUMMARY, ETC.
Summary, etc. Describe how to compose poems, verses and verses 6, 7, 8 and 9.
650 ## - SUBJECT ADDED ENTRY--TOPICAL TERM
Topical term or geographic name entry element កំណាព្យខ្មែរ
650 ## - SUBJECT ADDED ENTRY--TOPICAL TERM
Topical term or geographic name entry element Khmer Poem
942 ## - ADDED ENTRY ELEMENTS (KOHA)
Source of classification or shelving scheme Dewey Decimal Classification
Koha item type Khmer Books
Suppress in OPAC No
Holdings
Withdrawn status Lost status Source of classification or shelving scheme Damaged status Not for loan Collection Home library Current library Shelving location Date acquired Total Checkouts Full call number Barcode Date last seen Copy number Price effective from Koha item type
    Dewey Decimal Classification     Reference Footprints International School Library Network Toul Kork Campus Footprints International School Library Network Toul Kork Campus TK Old Khmer Books (Rear Hallway Shelf 3) 03/25/2024   MON 808.1 PZ7 FISTK03556 03/25/2024 1 03/25/2024 Khmer Books
    Dewey Decimal Classification     Reference Footprints International School Library Network Toul Kork Campus Footprints International School Library Network Toul Kork Campus TK Old Khmer Books (Rear Hallway Shelf 3) 03/25/2024   MON 808.1 PZ7 FISTK03557 03/25/2024 2 03/25/2024 Khmer Books